• 首页
  • 本馆介绍
  • 公告通知
  • 最新文献
  • 馆藏检索
  • 电子资源
  • 读者导购
  • 参考咨询
  • 我的图书馆
  • 登录
  • 详细信息显示
  • 放入我的书架
  • 预约/预借图书
  • 作者相关作品
  • 分类相关作品
  • 丛书相关作品
  • 出版社相关作品

书目信息

  • 表格格式
  • 工作单格式
  • 卡片格式
题名:
开脉太极
    
 
作者: 刘新 著
分册:  
出版信息: 北京   人民体育出版社  2006
页数: 359页
开本: 21cm
丛书名:
单 册:
中图分类: G852.111.9
科图分类:
主题词: 太极拳--套路(武术) , 太极拳 , 套路(武术)
电子资源:
ISBN: 978-7-5009-2819-5
000 00782nam0 2200265 45
001 1130674406
005 20110310094830.81
010    @a978-7-5009-2819-5@dCNY20.00
100    @a20110123e20082006em y0chiy50 ea
101 0  @achi
102    @aCN@b110000
105    @aa z 000yy
106    @ar
200 1  @a开脉太极@AKai Mai Tai Ji@f刘新著@FLiu Xin Zhu
210    @a北京@c人民体育出版社@d2006@h2008
215    @a359页@c照片,图@d21cm
330    @a本书内容分为基础篇、疏导经脉篇、开脉太极篇、开脉保健舞蹈篇、常见慢性病的运动处方篇等。
606 0  @a太极拳@x套路(武术)
606 0  @a太极拳
606 0  @a套路(武术)
610 0  @a开脉太极
690    @aG852.111.9@v4
701  0 @a刘新@ALiu Xin@4著
801  0 @aCN@bTANGWEI@c20110310
905    @b0531117-20@dG852.111.9@e190@f4
    
    开脉太极/刘新著.-北京:人民体育出版社,2006(2008)
    359页:照片,图;21cm
    
    
    ISBN 978-7-5009-2819-5:CNY20.00
    本书内容分为基础篇、疏导经脉篇、开脉太极篇、开脉保健舞蹈篇、常见慢性病的运动处方篇等。
●
相关链接 在E读中查询图书 在五车中查询图书 在当当中查询图书 在豆瓣中查询图书


正题名:开脉太极     索取号:G852.111.9/190         预约/预借

序号 登录号 条形码 馆藏地/架位号 状态 备注
1 0531117   205311170   第一样本阅览室/ [索取号:G852.111.9/190] 在馆    
2 0531118   205311189   第四借阅区/ [索取号:G852.111.9/190] 在馆    
3 0531119   205311198   第四借阅区/ [索取号:G852.111.9/190] 在馆    
4 0531120   205311205   密集书库-体育系/ [索取号:G852.111.9/190] 在馆    
唐山师范学院图书馆 欢迎您!
大连网信软件有限公司© 版权所有